|
|
|
|
| LEADER |
00700nam a2200229Ia 4500 |
| 008 |
240830s9999 xx 000 0 und d |
| 020 |
|
|
|a 970-26-0912-4
|
| 040 |
|
|
|a B-ESTELÍ- RUACS / 005.1 R173
|
| 041 |
|
|
|a spa
|
| 082 |
|
|
|a 005.1 R173
|
| 100 |
1 |
|
|a Ramírez Ramírez, José Felipe
|
| 245 |
1 |
0 |
|a Aprenda visual BASIC practicando : usando Visual Studio 2005
|
| 260 |
|
|
|a México
|b PASE/IRSTD
|c 2007
|
| 300 |
|
|
|a 648 p. :il
|
| 650 |
7 |
|
|a PROGRAMACION - APRENDA VISUAL BASIC
|
| 650 |
7 |
|
|b DISEÑO - APRENDA VISUAL BASIC
|
| 650 |
7 |
|
|c ELEMENTOS DE PROGRAMACION
|
| 650 |
7 |
|
|d OPERADORES - ESTRUCTURAS DE CONTROL
|
| 650 |
7 |
|
|e CONTROL GRAFICO
|
| 942 |
|
|
|c BK
|2 ddc
|
| 991 |
|
|
|a TEXTO
|
| 999 |
|
|
|c 10560
|